Martin Chuzzlewit / (Record no. 174577)

000 -LEADER
fixed length control field 01628cam a2200421 a 4500
001 - CONTROL NUMBER
control field 4458329
003 - CONTROL NUMBER IDENTIFIER
control field Nust
005 - DATE AND TIME OF LATEST TRANSACTION
control field 20220830115713.0
008 - FIXED-LENGTH DATA ELEMENTS--GENERAL INFORMATION
fixed length control field 950405r19941844nyua b 000 1 eng
010 ## - LIBRARY OF CONGRESS CONTROL NUMBER
LC control number 95136833
020 ## - INTERNATIONAL STANDARD BOOK NUMBER
International Standard Book Number 9781853262050
040 ## - CATALOGING SOURCE
Original cataloging agency DLC
Transcribing agency DLC
Modifying agency DLC
043 ## - GEOGRAPHIC AREA CODE
Geographic area code e-uk-en
-- n-us---
050 00 - LIBRARY OF CONGRESS CALL NUMBER
Classification number PR4563.A2
Item number C37 1994
082 00 - DEWEY DECIMAL CLASSIFICATION NUMBER
Classification number 823
Author Mark DIC
100 1# - MAIN ENTRY--PERSONAL NAME
Personal name Dickens, Charles,
Dates associated with a name 1812-1870.
9 (RLIN) 12180
245 10 - TITLE STATEMENT
Title Martin Chuzzlewit /
Statement of responsibility, etc. Charles Dickens ; with forty illustrations by "Phiz" ; introduced by William Boyd.
260 ## - PUBLICATION, DISTRIBUTION, ETC.
Place of publication, distribution, etc. New York :
Name of publisher, distributor, etc. A.A. Knopf,
Date of publication, distribution, etc. 1994.
300 ## - PHYSICAL DESCRIPTION
Extent xlvii, 814 p. :
Dimensions 22 cm.
490 0# - SERIES STATEMENT
Series statement Everyman's library ;
Volume/sequential designation 200
504 ## - BIBLIOGRAPHY, ETC. NOTE
Bibliography, etc. note Includes bibliographical references (p. xxiii).
650 00 - SUBJECT ADDED ENTRY--TOPICAL TERM
Topical term or geographic name entry element British
Geographic subdivision United States
General subdivision Fiction.
9 (RLIN) 98661
650 #0 - SUBJECT ADDED ENTRY--TOPICAL TERM
Topical term or geographic name entry element Grandfathers
Form subdivision Fiction.
9 (RLIN) 98609
650 #0 - SUBJECT ADDED ENTRY--TOPICAL TERM
Topical term or geographic name entry element Young men
Form subdivision Fiction.
9 (RLIN) 12184
650 #0 - SUBJECT ADDED ENTRY--TOPICAL TERM
Topical term or geographic name entry element Avarice
General subdivision Fiction.
9 (RLIN) 98662
651 #0 - SUBJECT ADDED ENTRY--GEOGRAPHIC NAME
Geographic name United States
General subdivision Description and travel
-- Fiction.
9 (RLIN) 98663
651 #0 - SUBJECT ADDED ENTRY--GEOGRAPHIC NAME
Geographic name England
General subdivision Fiction.
9 (RLIN) 11258
655 #7 - INDEX TERM--GENRE/FORM
Genre/form data or focus term Satire.
Source of term lcsh
9 (RLIN) 7757
655 #7 - INDEX TERM--GENRE/FORM
Genre/form data or focus term Black humor (Literature)
Source of term gsafd
9 (RLIN) 98643
655 #7 - INDEX TERM--GENRE/FORM
Genre/form data or focus term Adventure stories.
Source of term gsafd
655 #7 - INDEX TERM--GENRE/FORM
Genre/form data or focus term Bildungsromans.
Source of term gsafd
700 1# - ADDED ENTRY--PERSONAL NAME
Personal name Browne, Hablot Knight,
Dates associated with a name 1815-1882,
Relator term illus.
9 (RLIN) 12199
856 42 - ELECTRONIC LOCATION AND ACCESS
Materials specified Publisher description
Uniform Resource Identifier <a href="http://www.loc.gov/catdir/description/random049/95136833.html">http://www.loc.gov/catdir/description/random049/95136833.html</a>
856 42 - ELECTRONIC LOCATION AND ACCESS
Materials specified Contributor biographical information
Uniform Resource Identifier <a href="https://www.loc.gov/catdir/enhancements/fy1616/95136833-b.html">https://www.loc.gov/catdir/enhancements/fy1616/95136833-b.html</a>
906 ## - LOCAL DATA ELEMENT F, LDF (RLIN)
a 7
b cbc
c orignew
d 2
e ncip
f 19
g y-gencatlg
942 ## - ADDED ENTRY ELEMENTS (KOHA)
Source of classification or shelving scheme
Koha item type Book
Holdings
Withdrawn status Lost status Source of classification or shelving scheme Damaged status Not for loan Permanent Location Current Location Shelving location Date acquired Full call number Barcode Date last seen Copy number Price effective from Koha item type
          Central Library (CL) Central Library (CL) Children Section 02/01/2017 823 DIC CL785 02/01/2017 1 02/01/2017 Book
© 2023 Central Library, National University of Sciences and Technology. All Rights Reserved.